দুই দুই তিন শূণ্য / (Record no. 5655)
[ view plain ]
| 000 -LEADER | |
|---|---|
| fixed length control field | 00710nam a2200229 a 4500 |
| 001 - CONTROL NUMBER | |
| JCCL Control Number | 5655 |
| 003 - CONTROL NUMBER IDENTIFIER | |
| JCCL marc code | BD-JhCC |
| 005 - DATE AND TIME OF LATEST TRANSACTION | |
| control field | 20221124134023.0 |
| 008 - FIXED-LENGTH DATA ELEMENTS--GENERAL INFORMATION | |
| fixed length control field | 171126s2016 bg |||| ||a| 000 0 ben d |
| 020 ## - INTERNATIONAL STANDARD BOOK NUMBER | |
| International Standard Book Number | 9840726919 |
| 035 ## - SYSTEM CONTROL NUMBER | |
| system control number | (BD-JhCC)5655 |
| 040 ## - CATALOGING SOURCE | |
| Original cataloging agency | BD-JhCC |
| Modifying agency | BD-JhCC |
| 041 ## - LANGUAGE CODE | |
| Language code of Book | ben |
| 082 ## - DEWEY DECIMAL CLASSIFICATION NUMBER | |
| Classification number | 891.4435 |
| Author mark and Year | RIF 2016 |
| 100 ## - MAIN ENTRY--PERSONAL NAME | |
| Personal name | রিফাত, ফেরদৌস জামান |
| 245 ## - TITLE STATEMENT | |
| Title | দুই দুই তিন শূণ্য / |
| Statement of responsibility, etc | ফেরদৌস জামান রিফাত |
| 260 ## - PUBLICATION, DISTRIBUTION, ETC. (IMPRINT) | |
| Place of publication, distribution, etc | ঢাকা : |
| Name of publisher, distributor, etc | ইন্তামিন প্রকাশন, |
| Date of publication, distribution, etc | 2016. |
| 300 ## - PHYSICAL DESCRIPTION | |
| Pagination | 79 p. : |
| Dimensions | 21 cm. |
| 650 ## - SUBJECT ADDED ENTRY--TOPICAL TERM | |
| Topical term or geographic name as entry element | Bengali Short Stories |
| 942 ## - ADDED ENTRY ELEMENTS (KOHA) | |
| Source of classification or shelving scheme | Dewey Decimal Classification |
| Koha item type | Books |
| Koha issues (borrowed), all copies | 27 |
| Source of classification or shelving scheme | Damaged status | Not for loan | Home library | Current library | Shelving location | Date of accession | Cost, normal purchase price | Total Checkouts | Full call number | Barcode | Date last seen | Date checked out | Copy number | Koha item type | Source of acquisition |
|---|---|---|---|---|---|---|---|---|---|---|---|---|---|---|---|
| Dewey Decimal Classification | JCC Rouf Library | JCC Rouf Library | General Stacks | 12/19/2017 | 150.00 | 12 | 891.4435 RIF 2016 | 7980 | 12/17/2024 | 12/11/2024 | C-1 | Books | |||
| Dewey Decimal Classification | JCC Rouf Library | JCC Rouf Library | General Stacks | 12/19/2017 | 150.00 | 7 | 891.4435 RIF 2016 | 7979 | 08/01/2024 | 07/31/2024 | C-2 | Books | |||
| Dewey Decimal Classification | JCC Rouf Library | JCC Rouf Library | General Stacks | 12/19/2017 | 150.00 | 13 | 891.4435 RIF 2016 | 7978 | 11/16/2025 | 11/09/2025 | C-3 | Books | |||
| Dewey Decimal Classification | JCC Rouf Library | JCC Rouf Library | General Stacks | 07/10/2018 | 150.00 | 9 | 891.4435 RIF 2016 | 14296 | 01/13/2026 | 11/18/2025 | C-4 | Books | ক্যাডেট ফিরোজ, 30/1657/H |